Harry Potter - Hogwarts Lehrer - Häuserzuordnung - Statistiken

Allgemein
  • Dieses Quiz wurde 820 mal gespielt
  • Das Durchschnittsergebnis liegt bei 14 aus 16
Antwortstatistiken
Name Haus % Korrekt
Albus Dumbledore Gryffindor
95%
Severus Snape Slytherin
95%
Godric ... Gryffindor
93%
Helga ... Hufflepuff
93%
Rowena ... Ravenclaw
91%
Filius Flitwick Ravenclaw
91%
Minerva McGonagall Gryffindor
90%
Remus Lupin Gryffindor
90%
Horace Slughorn Slytherin
90%
Dolores Umbridge Slytherin
88%
Rubeus Hagrid Gryffindor
86%
Sybill Trelawney Ravenclaw
86%
Salazar ... Slytherin
85%
Pomona Sprout Hufflepuff
83%
Gilderoy Lockhart Ravenclaw
78%
Quirinus Quirell Ravenclaw
72%
Keine übereinstimmenden Quizze gefunden
Verteilung der Resultate
Anzahl Personen mit jedem Resultat
Perzentil nach korrekt beantworteten Fragen
Ihre Resultats-Entwicklung
Sie haben dieses Quiz noch nicht gespielt